000 00473nmm a2200169Ia 4500
008 251105s9999||||xx |||||||||||||||||und||
020 _a9788416170784
041 _aspa
100 _aMuller, Alberto
245 0 _aChe Guevara : valgo más vivo que muerto
264 _a[Madrid, España] :
_bBiblioteca Nueva,
_c2014
300 _a232 páginas
490 _aPretérita
650 _aBiography
856 _uhttps://public.digitaliapublishing.com/a/35470
942 _cCF
999 _c77329
_d77329